TOP 5 miast w każdym województwie Polski pod względem powierzchni - Statystyki

Ogólne statystyki
  • Ten quiz został rozwiązany 234 razy
  • Średni wynik to 27 z 80
Statystyki odpowiedzi
Województwo Powierzchnia w km² Miasto % Poprawnych
mazowieckie 517,90 Warszawa
83%
dolnośląskie 292,82 Wrocław
79%
małopolskie 326,80 Kraków
73%
łódzkie 293,25 Łódź
70%
lubelskie 147,47 Lublin
70%
pomorskie 265,50 Gdańsk
69%
śląskie 164,54 Katowice
69%
opolskie 148,88 Opole
68%
zachodniopomorskie 300,55 Szczecin
67%
pomorskie 135,00 Gdynia
66%
kujawsko-pomorskie 175,98 Bydgoszcz
65%
wielkopolskie 261,85 Poznań
64%
mazowieckie 111,80 Radom
64%
kujawsko-pomorskie 115,72 Toruń
64%
lubuskie 278,32 Zielona Góra
63%
lubuskie 85,72 Gorzów Wielkopolski
61%
podlaskie 102,13 Białystok
60%
podkarpackie 128,97 Rzeszów
60%
świętokrzyskie 109,65 Kielce
57%
warmińsko-mazurskie 88,33 Olsztyn
55%
mazowieckie 88,06 Płock
53%
śląskie 159,61 Częstochowa
52%
dolnośląskie 84,70 Wałbrzych
51%
małopolskie 84,35 Zakopane
51%
dolnośląskie 109,22 Jelenia Góra
50%
zachodniopomorskie 98,34 Koszalin
49%
małopolskie 72,38 Tarnów
48%
podlaskie 65,51 Suwałki
47%
warmińsko-mazurskie 79,82 Elbląg
46%
małopolskie 57,06 Nowy Sącz
46%
łódzkie 67,24 Piotrków Trybunalski
43%
kujawsko-pomorskie 84,32 Włocławek
42%
warmińsko-mazurskie 21,05 Ełk
41%
wielkopolskie 69,42 Kalisz
40%
zachodniopomorskie 197,23 Świnoujście
39%
kujawsko-pomorskie 30,42 Inowrocław
38%
wielkopolskie 82,2 Konin
38%
pomorskie 43,15 Słupsk
38%
lubelskie 49,40 Biała Podlaska
36%
wielkopolskie 102,68 Piła
36%
kujawsko-pomorskie 57,76 Grudziądz
35%
opolskie 123,71 Kędzierzyn-Koźle
33%
śląskie 187,81 Dąbrowa Górnicza
30%
lubelskie 50,61 Puławy
30%
podkarpackie 85,40 Tarnobrzeg
30%
podlaskie 80,90 Augustów
28%
podkarpackie 82,52 Stalowa Wola
28%
zachodniopomorskie 48,08 Stargard
28%
świętokrzyskie 46,43 Ostrowiec Świętokrzyski
26%
śląskie 148,26 Rybnik
26%
łódzkie 42,33 Zgierz
24%
łódzkie 51,43 Radomsko
18%
warmińsko-mazurskie 21,88 Iława
17%
lubuskie 40,38 Żagań
17%
śląskie 152,20 Jaworzno
16%
świętokrzyskie 64,39 Skarżysko-Kamienna
15%
łódzkie 51,22 Sieradz
13%
zachodniopomorskie 48,48 Szczecinek
13%
opolskie 29,97 Strzelce Opolskie
11%
mazowieckie 47,33 Otwock
10%
lubuskie 46,14 Kostrzyn nad Odrą
9%
lubelskie 42,13 Krasnystaw
9%
dolnośląskie 75,44 Szklarska Poręba
7%
lubelskie 38,33 Dęblin
6%
podkarpackie 60,96 Nisko
6%
podlaskie 36,25 Siemiatycze
6%
pomorskie 102,04 Krynica Morska
5%
warmińsko-mazurskie 17,20 Gołdap
3%
wielkopolskie 72,27 Jastrowie
3%
podkarpackie 47,10 Ropczyce
2%
świętokrzyskie 59,40 Suchedniów
2%
dolnośląskie 80,38 Szczytna
2%
mazowieckie 79,48 Zielonka
2%
małopolskie 63,42 Bukowno
1%
podlaskie 46,71 Kleszczele
1%
świętokrzyskie 99,24 Klimontów
1%
opolskie 55,70 Kolonowskie
1%
opolskie 27,82 Otmuchów
1%
lubuskie 35,89 Skwierzyna
1%
pomorskie 46,39 Czarne
0%
Nie znaleziono quizów pasujących do podanych kryteriów
Rozkład punktacji
Procent ludzi z każdym wynikiem
Percentyl według liczby udzielonych odpowiedzi
Twoja historia wyników
Nie rozwiązałeś tego quizu